000 00791nam a2200229 a 4500
001 000033505
005 20240302073950.0
008 110330s1974 dr ac 000 0 spa d
040 _aDO-SdBNP
_bspa
_cBNPHU
082 _a972.9301
_bC343t, 1974
100 1 _aCassá, Roberto,
_d1948-
_910888
245 1 4 _aLos tainos de La Española /
_cRoberto Cassá.
250 _a2a. ed.
260 _aSanto Domingo :
_bAlfa y Omega,
_c1974.
300 _a272 p. :
_bil., retrs. ;
_c23 cm.
504 _aBibliografía y notas al final de capítulos.
590 _aInventariado, 2020/VM
650 4 _aIndígenas de las antillas
_xHistoria
_944150
650 4 _aTaínos
_xVida social y costumbres
_944131
650 4 _aTaínos
_xReligión y mitología
_944152
910 _aValidado. Control de calidad EMS
999 _c32996
_d32996